000 00690nam a2200193Ia 4500
003 OSt
005 20250813111318.0
008 210210b2004 xxu||||| |||| 00| 0 eng d
040 _cAL
041 _aKannada
082 _aK894.9 VIJO
100 _aVIJAYASHANKARA (S R)
_dವಿಜಯಶಂಕರ (ಎಸ್ ಆರ್ )
_9235294
245 _aOladani: kavya, krati, samskrati, vimarshe kurita barahagalu.
_bಒಳ ದನಿ : ಕಾವ್ಯ ಕೃತಿ ಸಂಸ್ಕ್ರತಿ ವಿಮರ್ಶೆ ಕುರಿತ ಬರಹಗಳು
260 _aSagara
_bAkshara Prakashana
_c2004
300 _a246
690 _aKannada Criticism
_9235295
906 _a058998
942 _2ddc
_cBK
999 _c106185
_d106185